| 000 | 00408nam a2200157Ia 4500 | ||
|---|---|---|---|
| 008 | 220216s9999 xx 000 0 und d | ||
| 100 | _aWang J | ||
| 245 | 4 | _aThe Payne effect in double network elastomers | |
| 260 |
_bRubber Chemistry and Technology _c2005 |
||
| 300 | _a76-83 | ||
| 650 | _aDouble network elastomers | ||
| 700 | _aHamed G R | ||
| 700 | _aRoland C M | ||
| 700 | _aUmetsu K | ||
| 942 | _cJS | ||
| 999 |
_c70902 _d70902 |
||